000 00616nam a22002177a 4500
003 UA-OsUOA
001 78769
007 ta
008 20111020b un ||||| |||| 00| 0 ukr d
100 _aДерій Ж.
090 _a330
_bД36
942 _cSA
040 _aUA-OsUOA
_bukr
_cUA-OsUOA
_dUA-OsUOA
245 _aМіжнародна міграція в системі факторів економічного розвитку
300 _aС.33-36
955 _a0
041 _aukr
080 _a330
773 0 _w78762
_tЕкономіст
_dК.
_d2011
_g9
650 7 _a330 Економіка взагалі
_2UDC
999 _c365084
_d365084